000
00294nam a22001337a 4500
008
170302b xxu||||| |||| 00| 0 eng d
020
_a
9780697063830
041
_a
eng
080
_2
3 ED
_a
575
100
_a
6
101
_a
SHM
245
_a
PRINCIPLES OF GENETICS
_c
TAMARIN.R
942
_2
udc
_c
BK
999
_c
6579
_d
6579